<?xml version="1.0" encoding="UTF-8"?>
<record
    xmlns:xsi="http://www.w3.org/2001/XMLSchema-instance"
    xsi:schemaLocation="http://www.loc.gov/MARC21/slim http://www.loc.gov/standards/marcxml/schema/MARC21slim.xsd"
    xmlns="http://www.loc.gov/MARC21/slim">

  <leader>06399cam a22007574i 4500</leader>
  <controlfield tag="003">PE-LiUPU</controlfield>
  <controlfield tag="005">20250731170422.0</controlfield>
  <controlfield tag="008">180618s2015    sp a    rb    000 0 spa d</controlfield>
  <datafield tag="020" ind1=" " ind2=" ">
    <subfield code="a">9788490771952</subfield>
    <subfield code="q">(Volumen 1)</subfield>
  </datafield>
  <datafield tag="020" ind1=" " ind2=" ">
    <subfield code="a">9788490771969</subfield>
    <subfield code="q">(Volumen 2)</subfield>
  </datafield>
  <datafield tag="020" ind1=" " ind2=" ">
    <subfield code="a">8490771952</subfield>
    <subfield code="q">(Volumen 1)</subfield>
  </datafield>
  <datafield tag="020" ind1=" " ind2=" ">
    <subfield code="a">8490771960</subfield>
    <subfield code="q">(Volumen 2)</subfield>
  </datafield>
  <datafield tag="035" ind1=" " ind2=" ">
    <subfield code="a">(Sirsi) a248950</subfield>
  </datafield>
  <datafield tag="040" ind1=" " ind2=" ">
    <subfield code="a">PE-LiUPU</subfield>
    <subfield code="b">spa</subfield>
    <subfield code="c">PE-LiUPU</subfield>
    <subfield code="d">PE-LiUPU</subfield>
    <subfield code="e">rda</subfield>
  </datafield>
  <datafield tag="049" ind1=" " ind2=" ">
    <subfield code="a">PRUA</subfield>
  </datafield>
  <datafield tag="082" ind1="0" ind2="4">
    <subfield code="a">150</subfield>
    <subfield code="b">C75</subfield>
    <subfield code="2">20</subfield>
  </datafield>
  <datafield tag="100" ind1="1" ind2=" ">
    <subfield code="a">Colmenares Gil, Fernando,</subfield>
    <subfield code="e">autor.</subfield>
  </datafield>
  <datafield tag="245" ind1="1" ind2="0">
    <subfield code="a">Fundamentos de psicobiolog&#xED;a /</subfield>
    <subfield code="c">Fernando Colmenares Gil.</subfield>
  </datafield>
  <datafield tag="246" ind1="3" ind2=" ">
    <subfield code="a">conceptos, principios, evoluci&#xF3;n, desarrollo y herencia</subfield>
  </datafield>
  <datafield tag="246" ind1="3" ind2=" ">
    <subfield code="a">Comportamiento y procesos psicol&#xF3;gicos en contexto evolutivo</subfield>
  </datafield>
  <datafield tag="264" ind1=" " ind2="1">
    <subfield code="a">Madrid :</subfield>
    <subfield code="b">S&#xED;ntesis,</subfield>
    <subfield code="c">2015.</subfield>
  </datafield>
  <datafield tag="300" ind1=" " ind2=" ">
    <subfield code="a">2 volumenes :</subfield>
    <subfield code="b">ilustraciones ;</subfield>
    <subfield code="c">23 cent&#xED;metros.</subfield>
  </datafield>
  <datafield tag="336" ind1=" " ind2=" ">
    <subfield code="a">text</subfield>
    <subfield code="2">rdacontent</subfield>
  </datafield>
  <datafield tag="337" ind1=" " ind2=" ">
    <subfield code="a">unmediated</subfield>
    <subfield code="2">rdamedia</subfield>
  </datafield>
  <datafield tag="338" ind1=" " ind2=" ">
    <subfield code="a">volume</subfield>
    <subfield code="2">rdacarrier</subfield>
  </datafield>
  <datafield tag="490" ind1="0" ind2=" ">
    <subfield code="a">Biblioteca de psicolog&#xED;a ;</subfield>
    <subfield code="v">19-20</subfield>
  </datafield>
  <datafield tag="504" ind1=" " ind2=" ">
    <subfield code="a">Bibliograf&#xED;a : p&#xE1;ginas 415-417.</subfield>
  </datafield>
  <datafield tag="504" ind1=" " ind2=" ">
    <subfield code="a">Bibliograf&#xED;a : p&#xE1;ginas 295-297.</subfield>
  </datafield>
  <datafield tag="505" ind1="0" ind2=" ">
    <subfield code="g">Volumen I,</subfield>
    <subfield code="t">Conceptos, principios, evoluci&#xF3;n, desarrollo y herencia.</subfield>
    <subfield code="a">Concepto de psicobiolog&#xED;a -- Biolog&#xED;a: principios y teor&#xED;as -- La biolog&#xED;a plural de la psicobiolog&#xED;a -- Concepciones de la psicobiolog&#xED;a: amplia frente a restringida -- Disciplinas de la psicobiolog&#xED;a -- La psicobiolog&#xED;a y su relaci&#xF3;n con las otras psicolog&#xED;as (humanas) - M&#xE9;todo y t&#xE9;cnicas de la psicobiolog&#xED;a - El m&#xE9;todo cient&#xED;fico - T&#xE9;cnicas centradas en la medici&#xF3;n de conductas observables -- T&#xE9;cnicas centradas en la medici&#xF3;n de  procesos inferidos -- T&#xE9;cnicas centradas en la manipulaci&#xF3;n del cerebro -- T&#xE9;cnicas centradas en  el registro de la actividad cerebral -- Otras t&#xE9;cnicas -- El m&#xE9;todo comparativo -- &#xC9;tica de la investigaci&#xF3;n en psicobiolog&#xED;a -- Evolucionismo y teor&#xED;as de la evoluci&#xF3;n -- Evolucionismo y creacionismo -- Pruebas de la evoluci&#xF3;n: &#xBF;teor&#xED;a o hecho? -- Teor&#xED;a darwiniana de la evoluci&#xF3;n -- Teor&#xED;as postdarwinianas de la evoluci&#xF3;n -- Evolucionismo en las ciencias de la salud -- Mecanismos de la evoluci&#xF3;n -- Modo y tempo del cambio evolutivo --Especiaci&#xF3;n -- Agentes del cambio evolutivo -- Naturaleza de los rasgos -- Evoluci&#xF3;n y desarrollo -- Biodiversidad, filogenia y transiciones evolutivas --Biodiversidad -- Dimensi&#xF3;n temporal de la evoluci&#xF3;n -- Historia de la vida: las grandes transiciones -- Evoluci&#xF3;n de la especie humana -- La especie humana y el &#xE1;rbol de la vida -- Hominizaci&#xF3;n I: una cr&#xF3;nica de 6 millones de a&#xF1;os -- Hominizaci&#xF3;n II: lo que hace &#xFA;nicos a los humanos -- El presente de la especie humana moderna -- Principios del desarrollo y de la herencia -- Concepciones del desarrollo -- Conceptos y mitos sobre el desarrollo -- El desarrollo en contexto evolutivo -- La herencia -- Genes, organismo y ambiente -- El genoma -- Los genes, del genotipo al fenotipo -- El epigenoma: regulaci&#xF3;n de la expresi&#xF3;n g&#xE9;nica -- El ambiente y la plasticidad del fenotipo -- Herencia gen&#xE9;tica y epigen&#xE9;tica, efectos parentales y herencia ecol&#xF3;gica y cultural -- Herencia y heredabilidad -- Herencia gen&#xE9;tica -- Herencia epigen&#xE9;tica y efectos parentales -- La especie humana y su nicho ecol&#xF3;gico y cultural.</subfield>
  </datafield>
  <datafield tag="505" ind1="0" ind2=" ">
    <subfield code="g">Volumen II,</subfield>
    <subfield code="t">Comportamiento y procesos psicol&#xF3;gicos en contexto evolutivo.</subfield>
    <subfield code="a">Comportamiento, perfil psicol&#xF3;gico, salud y supervivencia -- Evoluci&#xF3;n, salud y eficacia biol&#xF3;gica -- Sistemas fisiol&#xF3;gicos y psicol&#xF3;gicos reguladores de la salud -- Relaciones entre perfil psicol&#xF3;gico, estilo de vida y salud -- Perfil psicol&#xF3;gico, comportamiento, bienestar y salud -- Reproducci&#xF3;n y comportamiento sexual y parental -- Modos de reproducci&#xF3;n y su contexto evolutivo -- Dimorfismo sexual y sus determinantes -- Hormonas, comportamiento sexual y comportamiento parental -- Selecci&#xF3;n sexual: conceptos, procesos y etapas -- Comportamiento parental y conflicto familiar -- Comportamiento social y comunicaci&#xF3;n -- Comportamiento social, socialidad, sociabilidad y prosocialidad -- Sistemas sociales -- Estructura grupal y comportamiento social -- Cooperaci&#xF3;n, altruismo, ego&#xED;smo y castigo -- Endocrinolog&#xED;a del comportamiento social -- Neurobiolog&#xED;a del comportamiento social -- Comunicaci&#xF3;n, concepciones y conceptos b&#xE1;sicos -- Comunicaci&#xF3;n animal y lenguaje humano -- Comportamiento, emoci&#xF3;n y cognici&#xF3;n -- Toolkit de conceptos generales -- Comportamiento y emoci&#xF3;n -- Cognici&#xF3;n, conocimiento e inteligencia -- Aprendizaje social, innovaci&#xF3;n, cognici&#xF3;n y cultura -- Comunicaci&#xF3;n intencional, enga&#xF1;o t&#xE1;ctico y teor&#xED;a de la mente -- Toma de decisiones - Empat&#xED;a - Moralidad.</subfield>
  </datafield>
  <datafield tag="526" ind1=" " ind2=" ">
    <subfield code="a">SEG68</subfield>
  </datafield>
  <datafield tag="526" ind1=" " ind2=" ">
    <subfield code="a">SEG70</subfield>
  </datafield>
  <datafield tag="526" ind1=" " ind2=" ">
    <subfield code="a">SEG69</subfield>
  </datafield>
  <datafield tag="526" ind1=" " ind2=" ">
    <subfield code="a">SEG67</subfield>
  </datafield>
  <datafield tag="526" ind1=" " ind2=" ">
    <subfield code="a">SEG43</subfield>
  </datafield>
  <datafield tag="526" ind1=" " ind2=" ">
    <subfield code="a">P144</subfield>
  </datafield>
  <datafield tag="526" ind1=" " ind2=" ">
    <subfield code="a">P143</subfield>
  </datafield>
  <datafield tag="526" ind1=" " ind2=" ">
    <subfield code="a">P131</subfield>
  </datafield>
  <datafield tag="526" ind1=" " ind2=" ">
    <subfield code="a">P122</subfield>
  </datafield>
  <datafield tag="526" ind1=" " ind2=" ">
    <subfield code="a">P120</subfield>
  </datafield>
  <datafield tag="526" ind1=" " ind2=" ">
    <subfield code="a">P117</subfield>
  </datafield>
  <datafield tag="526" ind1=" " ind2=" ">
    <subfield code="a">P112</subfield>
  </datafield>
  <datafield tag="526" ind1=" " ind2=" ">
    <subfield code="a">P110</subfield>
  </datafield>
  <datafield tag="526" ind1=" " ind2=" ">
    <subfield code="a">P106</subfield>
  </datafield>
  <datafield tag="526" ind1=" " ind2=" ">
    <subfield code="a">P101</subfield>
  </datafield>
  <datafield tag="526" ind1=" " ind2=" ">
    <subfield code="a">P80</subfield>
  </datafield>
  <datafield tag="526" ind1=" " ind2=" ">
    <subfield code="a">P59</subfield>
  </datafield>
  <datafield tag="526" ind1=" " ind2=" ">
    <subfield code="a">P54</subfield>
  </datafield>
  <datafield tag="526" ind1=" " ind2=" ">
    <subfield code="a">P35</subfield>
  </datafield>
  <datafield tag="526" ind1=" " ind2=" ">
    <subfield code="a">P33</subfield>
  </datafield>
  <datafield tag="526" ind1=" " ind2=" ">
    <subfield code="a">P30</subfield>
  </datafield>
  <datafield tag="541" ind1=" " ind2=" ">
    <subfield code="g">002-00000084;</subfield>
  </datafield>
  <datafield tag="541" ind1=" " ind2=" ">
    <subfield code="g">F002-00000792;</subfield>
  </datafield>
  <datafield tag="650" ind1="0" ind2="4">
    <subfield code="a">Psicobiolog&#xED;a.</subfield>
  </datafield>
  <datafield tag="650" ind1="0" ind2="7">
    <subfield code="a">Psicolog&#xED;a fisiol&#xF3;gica</subfield>
    <subfield code="2">embne</subfield>
  </datafield>
  <datafield tag="650" ind1="0" ind2="4">
    <subfield code="a">Psychobiology.</subfield>
  </datafield>
  <datafield tag="910" ind1=" " ind2=" ">
    <subfield code="a">dbm</subfield>
    <subfield code="b">csm</subfield>
    <subfield code="c">csm</subfield>
    <subfield code="d">20180618</subfield>
  </datafield>
  <datafield tag="910" ind1=" " ind2=" ">
    <subfield code="a">dbm</subfield>
    <subfield code="b">jpc</subfield>
    <subfield code="c">jpc</subfield>
    <subfield code="d">20190109</subfield>
  </datafield>
  <datafield tag="942" ind1=" " ind2=" ">
    <subfield code="2">ddc</subfield>
    <subfield code="c">BOOK</subfield>
  </datafield>
  <datafield tag="994" ind1=" " ind2=" ">
    <subfield code="a">C0</subfield>
    <subfield code="b">PEPRU</subfield>
  </datafield>
  <datafield tag="596" ind1=" " ind2=" ">
    <subfield code="a">1</subfield>
  </datafield>
  <datafield tag="999" ind1=" " ind2=" ">
    <subfield code="a">150 C75 1</subfield>
    <subfield code="w">DEWEY</subfield>
    <subfield code="c">28560</subfield>
    <subfield code="i">78736</subfield>
    <subfield code="d">28560</subfield>
    <subfield code="e">2022-6-16</subfield>
    <subfield code="f">2021-11-3</subfield>
    <subfield code="g">4</subfield>
    <subfield code="l">CCODEBUL1</subfield>
    <subfield code="m">BUL</subfield>
    <subfield code="n">12</subfield>
    <subfield code="p">30.47</subfield>
    <subfield code="q">3</subfield>
    <subfield code="r">0</subfield>
    <subfield code="s">Y</subfield>
    <subfield code="t">BOOK</subfield>
    <subfield code="u">2018-7-2</subfield>
    <subfield code="x">SALUD</subfield>
    <subfield code="z">P33</subfield>
    <subfield code="0">COMPRA</subfield>
    <subfield code="1">FCOMPR2</subfield>
    <subfield code="o">.STAFF. Colecci&#xF3;n Ciencias de la Salud</subfield>
  </datafield>
  <datafield tag="999" ind1=" " ind2=" ">
    <subfield code="a">150 C75 1</subfield>
    <subfield code="w">DEWEY</subfield>
    <subfield code="c">3</subfield>
    <subfield code="i">79669</subfield>
    <subfield code="d">2019-9-4</subfield>
    <subfield code="f">2021-11-3</subfield>
    <subfield code="g">3</subfield>
    <subfield code="l">CCODEBUL1</subfield>
    <subfield code="m">BUL</subfield>
    <subfield code="p">31.95</subfield>
    <subfield code="q">1</subfield>
    <subfield code="r">0</subfield>
    <subfield code="s">Y</subfield>
    <subfield code="t">BOOK</subfield>
    <subfield code="u">2019-1-9</subfield>
    <subfield code="x">SALUD</subfield>
    <subfield code="z">P33</subfield>
    <subfield code="0">COMPRA</subfield>
    <subfield code="1">FCOMPR2</subfield>
    <subfield code="o">.STAFF. Colecci&#xF3;n Ciencias de la Salud</subfield>
  </datafield>
  <datafield tag="999" ind1=" " ind2=" ">
    <subfield code="a">150 C75 2</subfield>
    <subfield code="w">DEWEY</subfield>
    <subfield code="c">1</subfield>
    <subfield code="i">78737</subfield>
    <subfield code="d">2020-3-8</subfield>
    <subfield code="e">2020-3-4</subfield>
    <subfield code="f">2021-11-3</subfield>
    <subfield code="g">3</subfield>
    <subfield code="l">CCODEBUL1</subfield>
    <subfield code="m">BUL</subfield>
    <subfield code="n">3</subfield>
    <subfield code="p">30.47</subfield>
    <subfield code="q">1</subfield>
    <subfield code="r">0</subfield>
    <subfield code="s">Y</subfield>
    <subfield code="t">BOOK</subfield>
    <subfield code="u">2019-1-9</subfield>
    <subfield code="x">SALUD</subfield>
    <subfield code="z">P33</subfield>
    <subfield code="0">COMPRA</subfield>
    <subfield code="1">FCOMPR2</subfield>
    <subfield code="o">.STAFF. Colecci&#xF3;n Ciencias de la Salud</subfield>
  </datafield>
  <datafield tag="999" ind1=" " ind2=" ">
    <subfield code="a">150 C75 2</subfield>
    <subfield code="w">DEWEY</subfield>
    <subfield code="c">2</subfield>
    <subfield code="i">79670</subfield>
    <subfield code="f">2021-11-3</subfield>
    <subfield code="g">3</subfield>
    <subfield code="l">CCODEBUL1</subfield>
    <subfield code="m">BUL</subfield>
    <subfield code="p">31.95</subfield>
    <subfield code="r">0</subfield>
    <subfield code="s">Y</subfield>
    <subfield code="t">BOOK</subfield>
    <subfield code="u">2019-1-9</subfield>
    <subfield code="x">SALUD</subfield>
    <subfield code="z">P33</subfield>
    <subfield code="0">COMPRA</subfield>
    <subfield code="1">FCOMPR2</subfield>
    <subfield code="o">.STAFF. Colecci&#xF3;n Ciencias de la Salud</subfield>
  </datafield>
  <datafield tag="980" ind1=" " ind2=" ">
    <subfield code="8">1</subfield>
    <subfield code="g">ALBERTO SANCHEZ Responsable de Automatizaci&#xF3;n</subfield>
  </datafield>
  <datafield tag="952" ind1=" " ind2=" ">
    <subfield code="r">2025-12-02 00:00:00</subfield>
    <subfield code="i">5</subfield>
    <subfield code="l">15</subfield>
    <subfield code="o">150 C75 1</subfield>
    <subfield code="p">78736</subfield>
    <subfield code="s">2025-09-10</subfield>
    <subfield code="t">e2</subfield>
    <subfield code="v">35.47</subfield>
    <subfield code="w">2018-07-02</subfield>
    <subfield code="x">FCS</subfield>
    <subfield code="y">BK</subfield>
    <subfield code="z">inventario-2023-12-13</subfield>
    <subfield code="1">0</subfield>
    <subfield code="2">ddc</subfield>
    <subfield code="5">0</subfield>
    <subfield code="7">0</subfield>
    <subfield code="8">GEN</subfield>
    <subfield code="f">P33</subfield>
    <subfield code="a">BUL</subfield>
    <subfield code="b">BUL</subfield>
    <subfield code="c">GEN</subfield>
    <subfield code="d">2018-07-02</subfield>
    <subfield code="e">COMPRA</subfield>
    <subfield code="g">30.47</subfield>
  </datafield>
  <datafield tag="952" ind1=" " ind2=" ">
    <subfield code="r">2025-12-02 00:00:00</subfield>
    <subfield code="i">4</subfield>
    <subfield code="l">3</subfield>
    <subfield code="o">150 C75 1</subfield>
    <subfield code="p">79669</subfield>
    <subfield code="s">2020-03-04</subfield>
    <subfield code="t">e3</subfield>
    <subfield code="v">36.95</subfield>
    <subfield code="w">2019-01-09</subfield>
    <subfield code="x">FCS</subfield>
    <subfield code="y">BK</subfield>
    <subfield code="z">inventario-2023-12-13</subfield>
    <subfield code="1">0</subfield>
    <subfield code="2">ddc</subfield>
    <subfield code="5">0</subfield>
    <subfield code="7">0</subfield>
    <subfield code="8">GEN</subfield>
    <subfield code="f">P33</subfield>
    <subfield code="a">BUL</subfield>
    <subfield code="b">BUL</subfield>
    <subfield code="c">GEN</subfield>
    <subfield code="d">2019-01-09</subfield>
    <subfield code="e">COMPRA</subfield>
    <subfield code="g">31.95</subfield>
  </datafield>
  <datafield tag="952" ind1=" " ind2=" ">
    <subfield code="r">2025-12-02 00:00:00</subfield>
    <subfield code="i">4</subfield>
    <subfield code="l">2</subfield>
    <subfield code="o">150 C75 2</subfield>
    <subfield code="p">78737</subfield>
    <subfield code="s">2025-08-15</subfield>
    <subfield code="t">e1</subfield>
    <subfield code="v">35.47</subfield>
    <subfield code="w">2019-01-09</subfield>
    <subfield code="x">FCS</subfield>
    <subfield code="y">BK</subfield>
    <subfield code="z">inventario-2023-12-13</subfield>
    <subfield code="1">0</subfield>
    <subfield code="2">ddc</subfield>
    <subfield code="5">0</subfield>
    <subfield code="7">0</subfield>
    <subfield code="8">GEN</subfield>
    <subfield code="f">P33</subfield>
    <subfield code="a">BUL</subfield>
    <subfield code="b">BUL</subfield>
    <subfield code="c">GEN</subfield>
    <subfield code="d">2019-01-09</subfield>
    <subfield code="e">COMPRA</subfield>
    <subfield code="g">30.47</subfield>
  </datafield>
  <datafield tag="952" ind1=" " ind2=" ">
    <subfield code="r">2025-12-02 00:00:00</subfield>
    <subfield code="i">4</subfield>
    <subfield code="l">1</subfield>
    <subfield code="o">150 C75 2</subfield>
    <subfield code="p">79670</subfield>
    <subfield code="s">2025-03-18</subfield>
    <subfield code="t">e2</subfield>
    <subfield code="v">36.95</subfield>
    <subfield code="w">2019-01-09</subfield>
    <subfield code="x">FCS</subfield>
    <subfield code="y">BK</subfield>
    <subfield code="z">inventario-2023-12-13</subfield>
    <subfield code="1">0</subfield>
    <subfield code="2">ddc</subfield>
    <subfield code="5">0</subfield>
    <subfield code="7">0</subfield>
    <subfield code="8">GEN</subfield>
    <subfield code="f">P33</subfield>
    <subfield code="a">BUL</subfield>
    <subfield code="b">BUL</subfield>
    <subfield code="c">GEN</subfield>
    <subfield code="d">2019-01-09</subfield>
    <subfield code="e">COMPRA</subfield>
    <subfield code="g">31.95</subfield>
  </datafield>
</record>
